000
00252nam a22001217a 4500
008
180206b xxu||||| |||| 00| 0 eng d
041
_a
eng
080
_a
82
100
_a
22
101
_a
GJU
245
_a
TEXT KRITIK
_c
RICHARD.B
942
_2
udc
_c
BK
999
_c
41849
_d
41849